Folk art production in the Czechoslovak cooperative movement /
Uložené v:
| Hlavní autori: | , |
|---|---|
| Médium: | Kniha |
| Jazyk: | French English Czech |
| Vydané: |
Praha :
Svépomoc,
1967.
|
| ISBN: |
(brož.) |
| Fyzický popis: |
95 s. |
| Tagy: |
Pridať tag
Žiadne tagy, Buďte prvý kto otaguje tento záznam!
|
Titul je dostupný aj v ... 

MARC
| LEADER | 00000nam a22000004a 4500 | ||
|---|---|---|---|
| 001 | 000424924 | ||
| 005 | 20130630223547.0 | ||
| 008 | 130630s1967 xr e 000 0 fre d | ||
| 020 | |a (brož.) |c Kčs 5,00 | ||
| 040 | |a SVKKK |b slo |c SVKKK |e AACR2 | ||
| 041 | 1 | |a eng |h cze | |
| 044 | |a xr |c CZ | ||
| 100 | 1 | |a Bayer, Vlastimil |4 aut | |
| 245 | 1 | 0 | |a Folk art production in the Czechoslovak cooperative movement / |c Vlastimil Bayer, Evžen Parma. |
| 260 | |a Praha : |b Svépomoc, |c 1967. | ||
| 300 | |a 95 s. | ||
| 700 | 1 | |a Parma, Evžen |4 aut | |
| 910 | |a svkkk | ||
| 998 | |a BK | ||
| 090 | |g SCKHL |k Sklad Hlavná 10 suterén |a I.34470 |j 397843 |i 2720621788 |s Absenčne | ||